[Event "Sparkassen-Open J"]
[Site "Heusenstamm, Martinsee"]
[Date "2021.11.19"]
[Round "1.1"]
[White "Dubinker, Philipp"]
[Black "Dyroff, Philipp"]
[Result "1-0"]
[WhiteElo "1572"]
[BlackElo "993"]
[PlyCount "119"]
[EventDate "2021.??.??"]
[WhiteTeam "SK Marburg"]
[BlackTeam "SC Aschaffenburg"]

1. e4 e6 2. d4 d5 3. Nc3 Bb4 4. exd5 exd5 5. a3 Be7 6. Nf3 Nf6 7. Bf4 Bd6 8.
Qd2 Bf5 9. O-O-O O-O 10. Nb5 Bxf4 11. Qxf4 Bg6 12. Qxc7 Nc6 13. Bd3 Qxc7 14.
Nxc7 Rac8 15. Bxg6 fxg6 16. Nb5 a6 17. Nc3 Ne7 18. Rhe1 Nf5 19. h3 Rfe8 20. g4
Nd6 21. Re5 Nde4 22. Nxe4 Nxe4 23. Rf1 Rcd8 24. Nd2 Kf7 25. Nxe4 dxe4 26. Rxe8
Kxe8 27. c3 Kd7 28. Re1 Re8 29. Kd2 Rf8 30. Rxe4 Rxf2+ 31. Re2 Rf3 32. h4 Rh3
33. Rf2 Ke7 34. Re2+ Kf7 35. d5 Rf3 36. d6 Rf6 37. Re7+ Kf8 38. Rxb7 Rxd6+ 39.
Ke3 g5 40. hxg5 Rg6 41. Kf4 h6 42. gxh6 Rxh6 43. g5 Rc6 44. Kf5 Rc5+ 45. Kg6
Rc6+ 46. Kh7 g6 47. Rg7 Rb6 48. Rxg6 Rxb2 49. Rxa6 Rc2 50. Rc6 Ra2 51. Rc8+ Kf7
52. g6+ Kf6 53. g7 Rh2+ 54. Kg8 Ke7 55. Rc7+ Ke8 56. a4 Ra2 57. Kh7 Rh2+ 58.
Kg6 Rg2+ 59. Kf5 Kd8 60. Ra7 1-0

[Event "Sparkassen-Open J"]
[Site "Heusenstamm, Martinsee"]
[Date "2021.11.19"]
[Round "1.2"]
[White "Englert, Ann"]
[Black "Sydykov, Bayastan"]
[Result "0-1"]
[WhiteElo "992"]
[BlackElo "1544"]
[PlyCount "80"]
[EventDate "2021.??.??"]
[WhiteTeam "TV-GroÃŸostheim"]
[BlackTeam "SK GieÃŸen"]

1. d4 e6 2. c4 Nf6 3. Nc3 d5 4. cxd5 exd5 5. Bf4 Bd6 6. Bxd6 Qxd6 7. e3 Bf5 8.
Nf3 O-O 9. Bd3 Ne4 10. Qc2 Re8 11. O-O c6 12. a3 Nd7 13. Ng5 Qg6 14. f4 Ng3 15.
Bxf5 Nxf5 16. Rfe1 h6 17. Nf3 Nxe3 18. Qxg6 fxg6 19. Rac1 Nf6 20. Ne5 Nf5 21.
Nf3 Rxe1+ 22. Rxe1 Re8 23. Rxe8+ Nxe8 24. Kf2 Ned6 25. g4 Ne7 26. Ne5 Nc4 27.
Nxc4 dxc4 28. h3 Nd5 29. Nxd5 cxd5 30. Ke3 Kf7 31. Kf3 b5 32. Ke3 a5 33. Kd2 b4
34. a4 Kf6 35. Ke3 g5 36. f5 h5 37. Kf3 c3 38. bxc3 b3 39. Ke3 b2 40. Kd3 b1=Q+
0-1

[Event "Sparkassen-Open J"]
[Site "Heusenstamm, Martinsee"]
[Date "2021.11.19"]
[Round "1.3"]
[White "Nagel, Daniel"]
[Black "Claussen, Daniela"]
[Result "1-0"]
[WhiteElo "1329"]
[BlackElo "990"]
[PlyCount "47"]
[EventDate "2021.??.??"]
[WhiteTeam "SC Aschaffenburg"]
[BlackTeam "SF Essen-Werden"]

1. d4 e6 2. Nf3 b6 3. g3 Bb7 4. Bg2 Nf6 5. O-O Bd6 6. c4 O-O 7. Nc3 a6 8. Re1
h6 9. e4 Bb4 10. Nd2 d5 11. e5 Nfd7 12. cxd5 exd5 13. Nxd5 Bxd5 14. Bxd5 c6 15.
Bg2 b5 16. a3 Ba5 17. b4 Bc7 18. Bb2 Re8 19. Rc1 f6 20. e6 Nb6 21. Qg4 Nd5 22.
Qg6 a5 23. Qf7+ Kh7 24. Bxd5 1-0

[Event "Sparkassen-Open J"]
[Site "Heusenstamm, Martinsee"]
[Date "2021.11.19"]
[Round "1.4"]
[White "von Knorre, Christoph"]
[Black "Himmelspacht, Maxim"]
[Result "1/2-1/2"]
[WhiteElo "985"]
[BlackElo "1538"]
[PlyCount "60"]
[EventDate "2021.??.??"]
[WhiteTeam "VSG Offenbach"]
[BlackTeam "SK GieÃŸen"]

1. e4 e6 2. d4 d5 3. exd5 exd5 4. Nf3 Nc6 5. Nc3 Bg4 6. Be2 Nf6 7. Bg5 Be7 8.
O-O O-O 9. Qd3 h6 10. Bf4 Qd7 11. Nb5 a6 12. Nc3 Rfe8 13. Rfe1 Bf8 14. h3 Bf5
15. Qd2 Re6 16. Bd3 Bxd3 17. Qxd3 Rae8 18. Kf1 Bd6 19. Bxd6 Qxd6 20. Re2 Rxe2
21. Nxe2 Re6 22. Re1 Re7 23. c4 dxc4 24. Qxc4 Qd5 25. Qxd5 Nxd5 26. Nc3 Rxe1+
27. Kxe1 Nf4 28. Kf1 Kf8 29. Ne2 Ne6 30. d5 Nb4 1/2-1/2

[Event "Sparkassen-Open J"]
[Site "Heusenstamm, Martinsee"]
[Date "2021.11.19"]
[Round "1.5"]
[White "Snover, Tom"]
[Black "Plaumann, Finja"]
[Result "1/2-1/2"]
[WhiteElo "1491"]
[BlackElo "978"]
[PlyCount "49"]
[EventDate "2021.??.??"]
[WhiteTeam "SC Aschaffenburg"]
[BlackTeam "SF Heidesheim"]

1. e4 e6 2. d4 d5 3. Nc3 Nf6 4. e5 Nfd7 5. f4 c5 6. Nf3 c4 7. Be2 Bb4 8. Bd2
O-O 9. Nb5 Nc6 10. Bxb4 Nxb4 11. Nd6 Nb6 12. c3 Nc6 13. O-O Ne7 14. Nh4 Qd7 15.
Bg4 f6 16. a4 a5 17. Nb5 f5 18. Be2 Qd8 19. Nd6 Rb8 20. Nf3 Ng6 21. g3 Bd7 22.
Nd2 Nc8 23. Nxc8 Qxc8 24. Bh5 Be8 25. Bf3 1/2-1/2

[Event "Sparkassen-Open J"]
[Site "Heusenstamm, Martinsee"]
[Date "2021.11.19"]
[Round "1.6"]
[White "Kollmer, Otto"]
[Black "Meng, Yuxuan"]
[Result "0-1"]
[WhiteElo "963"]
[BlackElo "1419"]
[PlyCount "38"]
[EventDate "2021.??.??"]
[WhiteTeam "VSG Offenbach"]
[BlackTeam "SC Viernheim"]

1. e4 c5 2. Nc3 e6 3. Nf3 a6 4. Be2 Nc6 5. d3 d5 6. exd5 exd5 7. d4 cxd4 8.
Nxd4 Nf6 9. Bg5 Be7 10. O-O O-O 11. Bf3 h6 12. Bxf6 Bxf6 13. Nde2 d4 14. Nd5
Be5 15. c3 Be6 16. cxd4 Bxd5 17. dxe5 Bxf3 18. gxf3 Nxe5 19. Re1 Nxf3+ 0-1

[Event "Sparkassen-Open J"]
[Site "Heusenstamm, Martinsee"]
[Date "2021.11.19"]
[Round "1.7"]
[White "Vick, Edward"]
[Black "Yang, Sophie"]
[Result "1-0"]
[WhiteElo "1242"]
[BlackElo "955"]
[PlyCount "55"]
[EventDate "2021.??.??"]
[WhiteTeam "TuS Makkabi Wiesbaden"]
[BlackTeam "SK Mannheim-Lindenhof"]

1. e4 e6 2. d4 d5 3. exd5 exd5 4. Bd3 Nc6 5. Nf3 Nf6 6. O-O Bd6 7. Re1+ Be6 8.
Bg5 O-O 9. Nc3 Bg4 10. Nxd5 Nxd4 11. Nxf6+ gxf6 12. Bh6 Re8 13. Re4 Rxe4 14.
Bxe4 Be5 15. Qd3 Nxf3+ 16. Bxf3 Qxd3 17. cxd3 Bxf3 18. gxf3 b6 19. Kh1 Bxb2 20.
Rg1+ Kh8 21. Bg7+ Kg8 22. Bxf6+ Kf8 23. Bxb2 c5 24. Bg7+ Kg8 25. Bh6+ Kh8 26.
Bf4 Rd8 27. Be5+ f6 28. Bxf6# 1-0

[Event "Sparkassen-Open J"]
[Site "Heusenstamm, Martinsee"]
[Date "2021.11.19"]
[Round "1.8"]
[White "Carls, Bela"]
[Black "Sensoy, Emir"]
[Result "1/2-1/2"]
[WhiteElo "955"]
[BlackElo "1367"]
[PlyCount "124"]
[EventDate "2021.??.??"]
[WhiteTeam "Frankfurter TV"]
[BlackTeam "MSA Zugzwang"]

1. d4 d5 2. c4 c6 3. Nc3 Nf6 4. Nf3 Bf5 5. Bg5 e6 6. a3 Be7 7. e3 O-O 8. Bd3
Ne4 9. Bxe7 Qxe7 10. O-O Nxc3 11. bxc3 Bxd3 12. Qxd3 Nd7 13. c5 b6 14. cxb6
Nxb6 15. Ne5 Rac8 16. Rab1 Qxa3 17. Ra1 Qe7 18. c4 f6 19. c5 fxe5 20. cxb6 axb6
21. dxe5 c5 22. Qb5 Qc7 23. Ra6 Qxe5 24. Qxb6 Rfe8 25. Re1 c4 26. f4 Qc7 27.
Qd4 Qc5 28. Qe5 Rc6 29. Rea1 c3 30. Ra7 Qf8 31. Rc7 Rxc7 32. Qxc7 Rc8 33. Qd7
Qe8 34. Qxe8+ Rxe8 35. Rc1 Rc8 36. Kf2 Kf7 37. Ke2 Kf6 38. Kd3 Kf5 39. Rxc3
Rxc3+ 40. Kxc3 Ke4 41. Kd2 h6 42. Ke2 g5 43. g3 gxf4 44. gxf4 Kf5 45. Kf3 e5
46. fxe5 Kxe5 47. h4 h5 48. Ke2 Ke4 49. Kf2 Kd3 50. Kf3 Kd2 51. e4 d4 52. e5
Kc2 53. e6 d3 54. e7 d2 55. e8=Q d1=Q+ 56. Qe2+ Qxe2+ 57. Kxe2 Kc3 58. Ke3 Kc4
59. Ke4 Kc5 60. Kf5 Kd5 61. Kg5 Ke5 62. Kxh5 Kf5 1/2-1/2

[Event "Sparkassen-Open J"]
[Site "Heusenstamm, Martinsee"]
[Date "2021.11.19"]
[Round "1.9"]
[White "Yang, Marco"]
[Black "Schwab, Florentin"]
[Result "0-1"]
[WhiteElo "1236"]
[BlackElo "947"]
[PlyCount "102"]
[EventDate "2021.??.??"]
[WhiteTeam "SK Mannheim-Lindenhof"]
[BlackTeam "SC Aschaffenburg"]

1. e4 e5 2. Nf3 Nc6 3. Bb5 a6 4. Ba4 Nf6 5. O-O d6 6. Re1 Be7 7. c3 O-O 8. d4
b5 9. Bb3 Bg4 10. Be3 Na5 11. Bc2 c5 12. Nbd2 h6 13. Qc1 Nc4 14. dxe5 Nxe5 15.
Nxe5 dxe5 16. f3 Be6 17. Rd1 Qc7 18. Nf1 c4 19. Ng3 Bc5 20. a4 b4 21. cxb4 Bxb4
22. Bb3 c3 23. Bxe6 fxe6 24. bxc3 Bxc3 25. Ra3 Rac8 26. Rd3 Bb4 27. Qxc7 Rxc7
28. Rab3 Be7 29. Rb6 Kf7 30. Rxa6 Bc5 31. Bxc5 Rxc5 32. Ra7+ Kg8 33. Ra3 Rc1+
34. Kf2 Ng4+ 35. Ke2 Rc2+ 36. Kd1 Rxg2 37. fxg4 Rd8+ 38. Ke1 Rg1+ 39. Kf2 Rc1
40. Ra2 Rf8+ 41. Ke2 Rfc8 42. Rb7 R8c2+ 43. Rxc2 Rxc2+ 44. Kf3 Rc3+ 45. Kg2 Ra3
46. Ra7 Ra2+ 47. Kh3 Kh7 48. a5 Ra3 49. Kh4 Kg6 50. a6 Ra2 51. Ra8 Rxh2# 0-1

[Event "Sparkassen-Open J"]
[Site "Heusenstamm, Martinsee"]
[Date "2021.11.19"]
[Round "1.10"]
[White "Glavev, Danail"]
[Black "Mohammadzadeh, Daris"]
[Result "0-1"]
[WhiteElo "929"]
[BlackElo "1335"]
[PlyCount "164"]
[EventDate "2021.??.??"]
[WhiteTeam "SK Bad Homburg"]
[BlackTeam "Vorw.Orient Mainz"]

1. e4 c5 2. Nf3 g6 3. d4 cxd4 4. Qxd4 Nf6 5. Bc4 Nc6 6. Qd1 Bg7 7. Nc3 O-O 8.
O-O d6 9. Bg5 Bg4 10. h3 Ne5 11. Be2 Bxf3 12. Bxf3 Nxf3+ 13. Qxf3 Nd7 14. Qe3
Re8 15. Rad1 Qb6 16. Qxb6 Nxb6 17. Nb5 h6 18. Be3 Rec8 19. c3 Nc4 20. Rb1 a6
21. Nd4 Bxd4 22. Bxd4 Nd2 23. Rfd1 Nxb1 24. Rxb1 f6 25. Rd1 g5 26. g4 a5 27. f3
b5 28. Rc1 b4 29. c4 a4 30. Kf2 Rc6 31. Ke2 Rac8 32. Kd3 Kg7 33. Be3 Rb8 34.
Ba7 Rb7 35. Bd4 b3 36. a3 Rbc7 37. Be3 e6 38. Kd4 h5 39. Bd2 Rc5 40. Bb4 R5c6
41. Bd2 Kg6 42. Be1 hxg4 43. hxg4 Rh7 44. Bc3 Rh3 45. Rf1 f5 46. Be1 fxe4 47.
fxe4 Rh2 48. Rg1 Rxb2 49. Bc3 Rc2 50. Kd3 Ra2 51. Rf1 e5 52. Bb4 Rg2 53. Rb1
Rxg4 54. Bd2 Rg3+ 55. Be3 g4 56. Rc1 Kh5 57. Rf1 Kh4 58. Rf6 Kh3 59. Rf1 Rxe3+
60. Kxe3 Rxc4 61. Kf2 Rc2+ 62. Ke3 Kg2 63. Rb1 g3 64. Ra1 b2 65. Rb1 Rc3+ 66.
Kd2 Rb3 67. Ke2 Kh2 68. Kf1 g2+ 69. Kf2 g1=Q+ 70. Rxg1 b1=Q 71. Rxb1 Rxb1 72.
Ke2 Rb3 73. Kd2 Rxa3 74. Kc2 Re3 75. Kb2 Rxe4 76. Ka2 Rc4 77. Kb2 e4 78. Ka2 e3
79. Kb2 e2 80. Ka2 e1=Q 81. Kb2 Qc1+ 82. Ka2 Rc2# 0-1

[Event "Sparkassen-Open J"]
[Site "Heusenstamm, Martinsee"]
[Date "2021.11.19"]
[Round "1.11"]
[White "Meier, Viktoria"]
[Black "Belin, Anton"]
[Result "1/2-1/2"]
[WhiteElo "1312"]
[BlackElo "911"]
[PlyCount "117"]
[EventDate "2021.??.??"]
[WhiteTeam "Eichstetten"]
[BlackTeam "SK Bad Homburg"]

1. d4 d5 2. Bf4 Bf5 3. e3 Nc6 4. c3 e6 5. Bd3 Bxd3 6. Qxd3 Bd6 7. Bg3 e5 8.
dxe5 Bxe5 9. Nf3 Bxg3 10. hxg3 Nf6 11. Nbd2 O-O 12. Ng5 h6 13. Ngf3 a5 14. Nd4
Nxd4 15. cxd4 Qd6 16. O-O c5 17. Qb5 cxd4 18. exd4 Qb4 19. Qxb4 axb4 20. a3
bxa3 21. Rxa3 Rxa3 22. bxa3 Ra8 23. Ra1 b5 24. Nb3 g5 25. Kf1 Kf8 26. Nc5 b4
27. a4 Ne4 28. Nxe4 dxe4 29. a5 Ke7 30. Ra4 b3 31. d5 b2 32. Rxe4+ Kd6 33. Rb4
Rxa5 34. Rxb2 Kxd5 35. Rb6 h5 36. Rh6 Ke4 37. Kg1 g4 38. Rf6 Rf5 39. Rxf5 Kxf5
40. f3 gxf3 41. gxf3 Kg5 42. Kf2 h4 43. gxh4+ Kxh4 44. Ke3 Kg5 45. Ke4 f5+ 46.
Ke5 Kg6 47. f4 Kg7 48. Kxf5 Kf7 49. Ke5 Ke7 50. f5 Kf7 51. f6 Kf8 52. Kf5 Kf7
53. Kg5 Kf8 54. Kf5 Kf7 55. Ke5 Kf8 56. Ke6 Ke8 57. Ke5 Kf7 58. Kf5 Kf8 59. Kg6
1/2-1/2

[Event "Sparkassen-Open J"]
[Site "Heusenstamm, Martinsee"]
[Date "2021.11.19"]
[Round "1.12"]
[White "Schilling, Pascal"]
[Black "Schwab, Lysander"]
[Result "0-1"]
[WhiteElo "895"]
[BlackElo "1282"]
[PlyCount "76"]
[EventDate "2021.??.??"]
[WhiteTeam "SV Ffm-Griesheim"]
[BlackTeam "SC Aschaffenburg"]

1. e4 c5 2. Nf3 Nc6 3. Bc4 d6 4. d3 Bg4 5. Nc3 Ne5 6. Bf4 Bxf3 7. gxf3 Nxc4 8.
dxc4 g6 9. e5 Bg7 10. Qd2 dxe5 11. Be3 Qxd2+ 12. Bxd2 Nf6 13. O-O-O a6 14. Be3
Rc8 15. Rd2 O-O 16. Rhd1 b6 17. Nd5 Nxd5 18. Rxd5 Rc7 19. Rd7 Rc6 20. Rxe7 Bf6
21. Rb7 Kg7 22. Rdd7 h6 23. Rdc7 Rxc7 24. Rxc7 Bd8 25. Rc8 Bf6 26. Rc7 g5 27.
Ra7 a5 28. Rb7 Bd8 29. Rb8 Kg6 30. Kd2 Kh5 31. Kd3 f5 32. a3 Kh4 33. c3 Kh3 34.
b4 Kxh2 35. bxc5 f4 36. cxb6 fxe3 37. Kxe3 h5 38. b7 Bb6+ 0-1

[Event "Sparkassen-Open J"]
[Site "Heusenstamm, Martinsee"]
[Date "2021.11.19"]
[Round "1.13"]
[White "Vinogradov, Ilia"]
[Black "Ninnemann, Patrick"]
[Result "1-0"]
[WhiteElo "1177"]
[BlackElo "879"]
[PlyCount "73"]
[EventDate "2021.??.??"]
[WhiteTeam "SV Walldorf"]
[BlackTeam "SC Bad Soden"]

1. e4 e5 2. Nf3 Nc6 3. Bc4 Bc5 4. d3 d6 5. h3 h6 6. Be3 Bb6 7. Nc3 Nf6 8. Na4
Ba5+ 9. Bd2 Bxd2+ 10. Qxd2 a6 11. Nc3 Bd7 12. a3 b5 13. Ba2 b4 14. axb4 Nxb4
15. Bb3 Bc6 16. Ne2 a5 17. c3 a4 18. Bxa4 Rxa4 19. Rxa4 Bxa4 20. cxb4 d5 21.
exd5 Qxd5 22. Nc3 Qb3 23. Nxa4 Qxa4 24. O-O Nd7 25. Re1 Qb5 26. Qc3 f6 27. Qxc7
Ke7 28. Qc4 Qb6 29. d4 Qb8 30. dxe5 fxe5 31. Qc3 Ke6 32. Nd4+ Kf6 33. Qf3+ Ke7
34. Nc6+ Kd6 35. Nxb8 Rxb8 36. Rd1+ Ke7 37. Qg4 1-0

[Event "Sparkassen-Open J"]
[Site "Heusenstamm, Martinsee"]
[Date "2021.11.19"]
[Round "1.14"]
[White "Galea, Luca"]
[Black "Dietrich, Fabian"]
[Result "0-1"]
[WhiteElo "860"]
[BlackElo "1248"]
[PlyCount "56"]
[EventDate "2021.??.??"]
[WhiteTeam "VSG Offenbach"]
[BlackTeam "SK Marburg"]

1. e4 e5 2. Nf3 Nc6 3. Bc4 Bc5 4. Nxe5 Nxe5 5. Qh5 Qf6 6. O-O d6 7. Nc3 Bg4 8.
Bxf7+ Kf8 9. Nd5 Bxh5 10. Nxf6 Nxf6 11. Bxh5 Nxh5 12. c3 Nd3 13. b4 Bb6 14. Ba3
Nf6 15. c4 Nxe4 16. c5 dxc5 17. bxc5 Bxc5 18. Bxc5+ Ndxc5 19. Rfe1 Rd8 20. d3
Rxd3 21. f3 Nf6 22. Rac1 b6 23. f4 Rd2 24. f5 Nd3 25. Rxc7 Nxe1 26. Rc8+ Ne8
27. Rc1 Nd3 28. Rc8 Rd1# 0-1

[Event "Sparkassen-Open J"]
[Site "Heusenstamm, Martinsee"]
[Date "2021.11.19"]
[Round "1.15"]
[White "Valean, David-Andrei"]
[Black "Kanno, Gabriel Felix"]
[Result "1-0"]
[WhiteElo "1237"]
[BlackElo "852"]
[PlyCount "39"]
[EventDate "2021.??.??"]
[WhiteTeam "SK Schweinfurt"]
[BlackTeam "SK Altenkirchen"]

1. e4 e5 2. Nf3 Nc6 3. Bb5 d6 4. d4 exd4 5. Nxd4 Bd7 6. Bxc6 bxc6 7. Nc3 c5 8.
Nf3 Nf6 9. Bg5 Be7 10. e5 dxe5 11. Nxe5 O-O 12. Bxf6 Bxf6 13. Nxd7 Re8+ 14. Kf1
Qe7 15. Nxf6+ Qxf6 16. Qf3 Qe6 17. Qd5 Qa6+ 18. Kg1 Re7 19. Qxa8+ Re8 20. Qxe8#
1-0

[Event "Sparkassen-Open J"]
[Site "Heusenstamm, Martinsee"]
[Date "2021.11.19"]
[Round "1.16"]
[White "Paschedag, Vivien"]
[Black "Sreeramulu, Aarush"]
[Result "0-1"]
[WhiteElo "851"]
[BlackElo "1227"]
[PlyCount "64"]
[EventDate "2021.??.??"]
[WhiteTeam "SC Heusenstamm"]
[BlackTeam "SK Marburg"]

1. e4 c6 2. d4 d5 3. e5 Bf5 4. Nf3 e6 5. Be2 c5 6. c3 Nc6 7. O-O cxd4 8. cxd4
Bb4 9. Bd2 Bxd2 10. Nbxd2 Nge7 11. Nb3 O-O 12. Nc5 Qc7 13. Qd2 Rac8 14. Rac1
Rfe8 15. Nh4 h6 16. Nxf5 Nxf5 17. Bd3 Nfxd4 18. f4 Qe7 19. b4 a6 20. Qb2 Red8
21. b5 axb5 22. Bxb5 Nxb5 23. Qxb5 Nd4 24. Qa5 Ne2+ 25. Kf2 Nxc1 26. Rxc1 Ra8
27. Qd2 Rdc8 28. Nb3 Rxc1 29. Nxc1 Rc8 30. Nd3 Qa3 31. Ke2 Qa4 32. Qb2 Rc2+ 0-1

[Event "Sparkassen-Open J"]
[Site "Heusenstamm, Martinsee"]
[Date "2021.11.19"]
[Round "1.17"]
[White "Will, Elina"]
[Black "Biallas, Flynn"]
[Result "0-1"]
[WhiteElo "1224"]
[BlackElo "832"]
[PlyCount "42"]
[EventDate "2021.??.??"]
[WhiteTeam "TuS Makkabi Wiesbaden"]
[BlackTeam "SK Marburg"]

1. e4 e5 2. Nf3 Nc6 3. d4 exd4 4. Nxd4 Nf6 5. Nc3 Bb4 6. Nxc6 bxc6 7. Bd2 Bxc3
8. Bxc3 Nxe4 9. Bxg7 Rg8 10. Bd4 c5 11. Qe2 Qe7 12. Bxc5 Nxc5 13. Qxe7+ Kxe7
14. O-O-O Ba6 15. c4 Bb7 16. f3 Rab8 17. b4 Ne6 18. a3 c5 19. b5 a6 20. a4 axb5
21. axb5 Ra8 0-1

[Event "Sparkassen-Open J"]
[Site "Heusenstamm, Martinsee"]
[Date "2021.11.19"]
[Round "1.18"]
[White "Kim, David"]
[Black "Dorfner, Jeremias"]
[Result "0-1"]
[WhiteElo "807"]
[BlackElo "1198"]
[PlyCount "62"]
[EventDate "2021.??.??"]
[WhiteTeam "SV Hofheim"]
[BlackTeam "TV-GroÃŸostheim"]

1. e4 e5 2. Nf3 Nc6 3. Bc4 Bc5 4. Nc3 Nf6 5. d3 h6 6. O-O d6 7. h3 O-O 8. Bd2
Be6 9. Bb3 Qd7 10. Qe2 Nd4 11. Qd1 c6 12. Nxd4 Bxd4 13. Qf3 d5 14. exd5 cxd5
15. Qg3 Kh7 16. Rfe1 Rfe8 17. Ne2 Bxb2 18. Rab1 Ba3 19. Qxe5 Bxh3 20. Qxd5 Nxd5
21. gxh3 Bc5 22. Bxd5 Qxd5 23. Nc3 Rxe1+ 24. Bxe1 Qg5+ 25. Kf1 Re8 26. Rxb7 Qh5
27. Kg2 Rxe1 28. Rb5 Qg5+ 29. Kf3 Qf5+ 30. Kg3 Rg1+ 31. Kh2 Qxf2# 0-1

[Event "Sparkassen-Open J"]
[Site "Heusenstamm, Martinsee"]
[Date "2021.11.19"]
[Round "1.19"]
[White "Inan, Emir"]
[Black "Shanmuganathan, Adhav"]
[Result "1-0"]
[WhiteElo "1176"]
[BlackElo "793"]
[PlyCount "75"]
[EventDate "2021.??.??"]
[WhiteTeam "SV Neu-Isenburg"]
[BlackTeam "SV Ffm-Griesheim"]

1. d4 g6 2. e4 Bg7 3. Nf3 c5 4. c3 Nc6 5. Bc4 e6 6. Bf4 Nge7 7. Bd6 Qa5 8. Bxc5
d5 9. exd5 exd5 10. Be2 b6 11. b4 bxc5 12. bxa5 cxd4 13. Nxd4 Nxa5 14. Qa4+ Bd7
15. Qxa5 O-O 16. O-O Rfe8 17. Bb5 Bxb5 18. Qxb5 Rab8 19. Qd7 Rbd8 20. Qxa7 Nc8
21. Qa6 Rd6 22. Nc6 Ree6 23. Qxc8+ Bf8 24. Nd4 Re7 25. Nd2 Rdd7 26. Rfe1 Rc7
27. Qh3 Red7 28. Nb5 Rb7 29. c4 dxc4 30. Nxc4 Rd5 31. Ncd6 Rb6 32. Rad1 Rh5 33.
Qd7 Bxd6 34. Nxd6 Kg7 35. Qxf7+ Kh6 36. Qf6 Rf5 37. Nxf5+ Kh5 38. Qh4# 1-0

[Event "Sparkassen-Open J"]
[Site "Heusenstamm, Martinsee"]
[Date "2021.11.19"]
[Round "1.20"]
[White "Ivanov, Emily"]
[Black "Milman, Sophie"]
[Result "0-1"]
[WhiteElo "725"]
[BlackElo "1202"]
[PlyCount "88"]
[EventDate "2021.??.??"]
[WhiteTeam "TuS Makkabi Wiesbaden"]
[BlackTeam "SC Heusenstamm"]

1. e4 e5 2. Bc4 Nf6 3. d3 Bc5 4. Nf3 Nc6 5. O-O O-O 6. Bg5 d6 7. h3 Be6 8. Nc3
h6 9. Bxf6 Qxf6 10. Bxe6 fxe6 11. a3 Nd4 12. Nd2 a6 13. b4 Ba7 14. Ne2 Qh4 15.
c3 Nxe2+ 16. Qxe2 Rf7 17. Nf3 Qf6 18. Ra2 Raf8 19. d4 Qg6 20. Kh1 Qh5 21. Qe3
Rxf3 22. gxf3 Qxh3+ 23. Kg1 Rf6 24. f4 Rg6+ 25. Qg3 Rxg3+ 26. fxg3 exd4 27. c4
d3+ 28. c5 dxc5 29. Rh2 cxb4+ 30. Rff2 Bxf2+ 31. Rxf2 Qxg3+ 32. Kf1 Qe3 33.
axb4 d2 34. Rxd2 Qxd2 35. f5 exf5 36. e5 Qd5 37. e6 Qxe6 38. Kg2 f4 39. Kf3
Qe3+ 40. Kg4 f3 41. b5 f2 42. bxa6 f1=Q 43. axb7 Qef3+ 44. Kh4 Q1h3# 0-1

[Event "Sparkassen-Open J"]
[Site "Heusenstamm, Martinsee"]
[Date "2021.11.20"]
[Round "2.1"]
[White "Milman, Sophie"]
[Black "Dubinker, Philipp"]
[Result "0-1"]
[WhiteElo "1202"]
[BlackElo "1572"]
[PlyCount "122"]
[EventDate "2021.??.??"]
[WhiteTeam "SC Heusenstamm"]
[BlackTeam "SK Marburg"]

1. e4 c6 2. d4 d5 3. e5 Bf5 4. h4 h5 5. Nf3 e6 6. c3 c5 7. Qa4+ Nd7 8. Bb5 a6
9. Bxd7+ Qxd7 10. Qxd7+ Kxd7 11. O-O Rc8 12. Be3 c4 13. Nbd2 Be7 14. Bg5 f6 15.
exf6 gxf6 16. Bf4 Nh6 17. Nh2 Bd6 18. Bxd6 Kxd6 19. Rac1 Rhg8 20. Kh1 Bd3 21.
Rg1 Nf5 22. Nhf3 Ne7 23. b3 b5 24. a4 bxa4 25. bxa4 Rb8 26. Ra1 Nc6 27. a5 Rb5
28. Rgc1 Rgb8 29. Kh2 Rxa5 30. Rxa5 Nxa5 31. Ra1 Rb5 32. Ra2 Kc6 33. Ne1 Bf5
34. Nc2 Bxc2 35. Rxc2 Nb3 36. Kg3 Nxd2 37. Rxd2 Rb3 38. Rc2 a5 39. Kf3 a4 40.
Ke2 a3 41. Kd2 Kb5 42. Ra2 Ka4 43. Kc2 e5 44. dxe5 fxe5 45. g3 d4 46. cxd4 exd4
47. f4 Rxg3 48. f5 Rf3 49. f6 Rxf6 50. Kc1 Rf1+ 51. Kc2 Rf2+ 52. Kb1 Rxa2 53.
Kxa2 d3 54. Kb1 Kb3 55. Kc1 a2 56. Kd2 a1=Q 57. Ke3 Qe5+ 58. Kf3 d2 59. Kg2
d1=Q 60. Kf2 Qf4+ 61. Kg2 Qdf1# 0-1

[Event "Sparkassen-Open J"]
[Site "Heusenstamm, Martinsee"]
[Date "2021.11.20"]
[Round "2.2"]
[White "Sydykov, Bayastan"]
[Black "Inan, Emir"]
[Result "1-0"]
[WhiteElo "1544"]
[BlackElo "1176"]
[PlyCount "53"]
[EventDate "2021.??.??"]
[WhiteTeam "SK Gießen"]
[BlackTeam "SV Neu-Isenburg"]

1. e4 e5 2. Nf3 Nc6 3. Bb5 a6 4. Bxc6 dxc6 5. O-O Bg4 6. d3 Bd6 7. Be3 c5 8.
Nbd2 b5 9. c3 Qf6 10. d4 cxd4 11. cxd4 exd4 12. Bxd4 Qh6 13. Qc2 Bf4 14. g3
Bxd2 15. Nxd2 c6 16. Rac1 Rc8 17. f4 Bh3 18. Rf3 Nf6 19. Rc3 Bd7 20. Nf3 b4 21.
Rc5 O-O 22. Rg5 Bg4 23. Bxf6 Bxf3 24. Rxg7+ Kh8 25. Rg6+ Qg7 26. Rxg7 Rfd8 27.
Rg6# 1-0

[Event "Sparkassen-Open J"]
[Site "Heusenstamm, Martinsee"]
[Date "2021.11.20"]
[Round "2.3"]
[White "Zargaran, Sepas"]
[Black "Nagel, Daniel"]
[Result "0-1"]
[WhiteElo "1038"]
[BlackElo "1329"]
[PlyCount "90"]
[EventDate "2021.??.??"]
[WhiteTeam "VSG Offenbach"]
[BlackTeam "SC Aschaffenburg"]

1. e4 g6 2. d4 Bg7 3. Nf3 d6 4. Nc3 Nd7 5. Bf4 c5 6. Be3 Ngf6 7. e5 dxe5 8.
dxe5 Ng4 9. Bc4 Nxe3 10. fxe3 e6 11. Nd2 Nxe5 12. Bb5+ Bd7 13. Bxd7+ Qxd7 14.
Qe2 O-O 15. O-O Rad8 16. Rad1 Qe7 17. Nc4 Nxc4 18. Qxc4 Rxd1 19. Rxd1 Rd8 20.
Rxd8+ Qxd8 21. Qd3 Qxd3 22. cxd3 Kf8 23. Kf2 f5 24. Na4 b6 25. Kf3 Ke7 26. Kf4
Bh6+ 27. Kf3 g5 28. g4 Bg7 29. Nc3 Be5 30. h3 Kf6 31. e4 Bxc3 32. bxc3 f4 33.
Ke2 e5 34. Kf3 b5 35. Kg2 b4 36. c4 a5 37. h4 h6 38. d4 exd4 39. e5+ Kxe5 40.
h5 Ke4 41. Kh3 d3 42. a4 d2 43. Kg2 d1=Q 44. Kh2 Kf3 45. Kh3 Qh1# 0-1

[Event "Sparkassen-Open J"]
[Site "Heusenstamm, Martinsee"]
[Date "2021.11.20"]
[Round "2.4"]
[White "Meng, Yuxuan"]
[Black "Bichert, Iwan"]
[Result "1-0"]
[WhiteElo "1419"]
[BlackElo "1102"]
[PlyCount "133"]
[EventDate "2021.??.??"]
[WhiteTeam "SC Viernheim"]
[BlackTeam "TuS Makkabi Wiesbaden"]

1. e4 d5 2. exd5 Nf6 3. d4 Nxd5 4. Nf3 Bg4 5. c4 Nf6 6. Be2 e6 7. Nc3 c6 8. O-O
Bd6 9. Be3 Bc7 10. Qb3 Qd7 11. Ne5 Bxe5 12. dxe5 Bxe2 13. Nxe2 Ng4 14. Bd4 Na6
15. h3 Nh6 16. Rad1 Qc7 17. Ng3 c5 18. Bc3 O-O 19. Qb5 Rad8 20. Ba5 b6 21. Qxa6
bxa5 22. Rd6 Rxd6 23. Qxd6 Qxd6 24. exd6 Rd8 25. Ne4 f5 26. Nxc5 Rxd6 27. Re1
Kf7 28. Nb7 Rb6 29. Nxa5 Rxb2 30. Nc6 Rxa2 31. Nd8+ Ke7 32. Nxe6 Kd6 33. Nxg7
Rc2 34. Ra1 Rxc4 35. Rxa7 Rc8 36. Nh5 Rh8 37. Nf6 f4 38. Rxh7 Rxh7 39. Nxh7 Nf7
40. Nf6 Ke6 41. Nh5 Kf5 42. g3 fxg3 43. fxg3 Kg5 44. Nf4 Nh6 45. Kg2 Nf5 46.
Kf3 Nd4+ 47. Ke4 Nf5 48. Ne6+ Kf6 49. g4 Nd6+ 50. Kd5 Nf7 51. h4 Kg6 52. Nf4+
Kf6 53. Nh5+ Kg6 54. Ke6 Nh6 55. Nf4+ Kg7 56. g5 Ng8 57. h5 Kh7 58. Kf7 Nh6+
59. gxh6 Kxh6 60. Kf6 Kh7 61. Kg5 Kg7 62. h6+ Kh7 63. Ne6 Kg8 64. Kg6 Kh8 65.
Ng5 Kg8 66. Nf7 Kf8 67. h7 1-0

[Event "Sparkassen-Open J"]
[Site "Heusenstamm, Martinsee"]
[Date "2021.11.20"]
[Round "2.5"]
[White "Steigerwald, Alexander"]
[Black "Vick, Edward"]
[Result "0-1"]
[WhiteElo "1017"]
[BlackElo "1242"]
[PlyCount "106"]
[EventDate "2021.??.??"]
[WhiteTeam "SC Aschaffenburg"]
[BlackTeam "TuS Makkabi Wiesbaden"]

1. e4 e5 2. Nf3 Nc6 3. Bc4 Bc5 4. c3 Nf6 5. d4 exd4 6. cxd4 Bb4+ 7. Bd2 Nxe4 8.
Bxb4 Nxb4 9. Qe2 d5 10. a3 Nc6 11. Nbd2 O-O 12. Nxe4 dxe4 13. Qxe4 Re8 14. Ne5
Nxe5 15. dxe5 Qf6 16. f4 Qf5 17. Qxf5 Bxf5 18. O-O Rad8 19. Rad1 Bg4 20. Rxd8
Rxd8 21. h3 Be6 22. Bxe6 fxe6 23. f5 Kf7 24. fxe6+ Kxe6 25. Rc1 c6 26. Re1 Rd5
27. Kf2 Rxe5 28. Rxe5+ Kxe5 29. Kf3 Kd4 30. Kf4 Kd3 31. g4 Kc2 32. Kf5 Kxb2 33.
Ke6 Kxa3 34. Kf7 b5 35. Kxg7 b4 36. Kxh7 b3 37. g5 b2 38. g6 b1=Q 39. Kh6 Qb8
40. g7 Qg8 41. Kg6 Qe6+ 42. Kg5 Qxh3 43. g8=Q Qg3+ 44. Kf6 Qxg8 45. Ke7 Qg6 46.
Kd7 Kb4 47. Kc7 Kc5 48. Kd7 Qd6+ 49. Ke8 Qc7 50. Kf8 Kd6 51. Kg8 Ke6 52. Kh8
Kf6 53. Kg8 Qg7# 0-1